000 01081nam a2200301 c 4500
003 DE-604
005 20260408143941.0
007 t|
008 970624s1994 ph a|||b |||| 00||0 engod
020 _a9789716300208
040 _aDE-604
_bger
_erakddb
_cGESM
041 0 _aeng
082 _a582
100 _aBulalacao, Lolita J.
245 1 0 _aA first look at Philippine Trees
246 1 3 _aTrees
260 _aManila
_bTahanan Books for Young Readers
_c1994
300 _a24 p
_bcolor illus
_c21 cm
490 0 _aA first look at
520 _aIn this new series, botanist Lolita J. Bulalacao uses simple descriptions to distinguish one species from another so that children can sharpen their skills of observation, understand basic classification in biology and to open their eyes to the diversity of the world around them.
521 _aGrade school
526 _aHow the World Works Sharing the Planet
650 4 _aTrees
_zPhilippines
650 0 7 _aBaum
_0(DE-588)4004845-7
_2gnd
_9rswk-swf
655 _aPH
700 1 _aDayao, Crispin
_4ill
942 _2ddc
_cBK
_n0
999 _c20085
_d20085